An atlas of cardiology : (Record no. 2022)
[ view plain ]
| 000 -LEADER | |
|---|---|
| fixed length control field | 00893nam a22002532 4500 |
| 003 - CONTROL NUMBER IDENTIFIER | |
| control field | UkOxU |
| 005 - DATE AND TIME OF LATEST TRANSACTION | |
| control field | 20210706055658.0 |
| 008 - FIXED-LENGTH DATA ELEMENTS--GENERAL INFORMATION | |
| fixed length control field | 780328s1977 enka 000 0 eng d |
| 020 ## - INTERNATIONAL STANDARD BOOK NUMBER | |
| International Standard Book Number | 0815118465 |
| 040 ## - CATALOGING SOURCE | |
| Transcribing agency | TOM |
| 050 ## - LIBRARY OF CONGRESS CALL NUMBER | |
| Classification number | RC683 |
| Item number | .C66 1977 |
| 060 ## - NATIONAL LIBRARY OF MEDICINE CALL NUMBER | |
| Classification number | WG 17 C767a 1977 |
| 100 1# - MAIN ENTRY--PERSONAL NAME | |
| Personal name | Conway, Neville. |
| 245 13 - TITLE STATEMENT | |
| Title | An atlas of cardiology : |
| Remainder of title | electrocardiograms and chest x-rays / |
| Statement of responsibility, etc. | Neville Conway. |
| 260 ## - PUBLICATION, DISTRIBUTION, ETC. | |
| Place of publication, distribution, etc. | London : |
| Name of publisher, distributor, etc. | Wolfe Medical Publications, |
| Date of publication, distribution, etc. | c1977. |
| 300 ## - PHYSICAL DESCRIPTION | |
| Extent | ca. 340 p. : |
| Other physical details | ill. |
| 500 ## - GENERAL NOTE | |
| General note | Companion vol. to Color atlas of cardiac pathology, by G. Farrer-Brown. |
| 650 #2 - SUBJECT ADDED ENTRY--TOPICAL TERM | |
| Topical term or geographic name entry element | Cardiovascular Diseases |
| General subdivision | diagnosis |
| -- | atlases |
| 650 #2 - SUBJECT ADDED ENTRY--TOPICAL TERM | |
| Topical term or geographic name entry element | Electrocardiography |
| General subdivision | atlases |
| 650 #2 - SUBJECT ADDED ENTRY--TOPICAL TERM | |
| Topical term or geographic name entry element | Heart |
| General subdivision | radiography |
| -- | atlases |
| 700 12 - ADDED ENTRY--PERSONAL NAME | |
| Personal name | Farrer-Brown, Geoffrey. |
| Title of a work | Color atlas of cardiac pathology. |
| 942 ## - ADDED ENTRY ELEMENTS (KOHA) | |
| Source of classification or shelving scheme | |
| Koha item type | Book |
| Suppress in OPAC | SO |
| Withdrawn status | Lost status | Source of classification or shelving scheme | Damaged status | Not for loan | Permanent Location | Current Location | Shelving location | Date acquired | Total Checkouts | Full call number | Barcode | Date last seen | Price effective from | Koha item type | Public note |
|---|---|---|---|---|---|---|---|---|---|---|---|---|---|---|---|
| AU LIBRARY | AU LIBRARY | Open Shelf | 06.07.2021 | RC683 .C66 1977 | 28003242 | 06.07.2021 | 06.07.2021 | Book | SO |